UBT Library

Wyman's gardening encyclopedia (Record no. 43098)

000 -LEADER
fixed length control field 00520cam a2200205 4500
001 - CONTROL NUMBER
control field 3598320
005 - DATE AND TIME OF LATEST TRANSACTION
control field 20180222032732.0
008 - FIXED-LENGTH DATA ELEMENTS--GENERAL INFORMATION
fixed length control field 710305s1971 nyuab d 000 0 eng
010 ## - LIBRARY OF CONGRESS CONTROL NUMBER
LC control number 69018250
040 ## - CATALOGING SOURCE
Original cataloging agency DLC
Transcribing agency DLC
Modifying agency DLC
041 ## - LANGUAGE CODE
Language code of text/sound track or separate title eng
080 ## - UNIVERSAL DECIMAL CLASSIFICATION NUMBER
Universal Decimal Classification number 635.03
082 00 - DEWEY DECIMAL CLASSIFICATION NUMBER
Classification number 635.03 WYR
100 1# - Rafti
Rafti 23
101 ## - Shkurtesa
Shkurtesa ENC
245 10 - TITLE STATEMENT
Title Wyman's gardening encyclopedia
Statement of responsibility, etc [edited] by Donald Wyman.
740 ## - ADDED ENTRY--UNCONTROLLED RELATED/ANALYTICAL TITLE
Uncontrolled related/analytical title Gardening encyclopedia.
906 ## - LOCAL DATA ELEMENT F, LDF (RLIN)
a 7
b cbc
c orignew
d 2
e ocip
f 19
g y-gencatlg
942 ## - ADDED ENTRY ELEMENTS (KOHA)
Source of classification or shelving scheme
Item type Books
Holdings
Withdrawn status Lost status Source of classification or shelving scheme Damaged status Not for loan Collection code Permanent location Current location Shelving location Date acquired Total Checkouts Full call number Barcode Date last seen Price effective from Koha item type
          Koleksioni i përgjithshem UBT - Lipjan UBT - Lipjan Koleksioni i përgjithshem 02/22/2018   635.03 WYR 002-2999778 02/22/2018 02/22/2018 Books
UBT Library © 2015-2024. All rights reserved University Education for Business and Technology